00671nam a2200205 a 4500008004100000020002200041100003600063240004900099245010000148250001200248260004700260300003500307500002000342650003300362650001900395700002400414003000100438005001700439040000900456  a0443013993 (hbk.)1 aFairbank, Harold Arthur Thomas.00aAtlas of general affections of the skeleton.10aFairbank's atlas of general affections of the skeleton /cRuth Wynne-Davies and T. J. Fairbank. a2nd ed. aEdinburgh :bChurchill Livingstone,c1976. axiii, 262 p. :bill. ;c28 cm. aIncludes index. 0aBonesxRadiographyxAtlases. 2aBone diseases. aWynne-Davies, Ruth.20230120203849.0 cNUST